The code unscrambled (Record no. 70523)
[ view plain ]
| 000 -LEADER | |
|---|---|
| fixed length control field | 00710cam a2200193 4500 |
| 001 - CONTROL NUMBER | |
| control field | X118468 |
| 008 - FIXED-LENGTH DATA ELEMENTS--GENERAL INFORMATION | |
| fixed length control field | 020619n2002 000 0 eng u |
| 035 ## - SYSTEM CONTROL NUMBER | |
| System control number | (Sirsi) u118468 |
| 100 ## - MAIN ENTRY--PERSONAL NAME | |
| Personal name | Taylor, C |
| 245 #4 - TITLE STATEMENT | |
| Title | The code unscrambled |
| 260 ## - PUBLICATION, DISTRIBUTION, ETC. | |
| Date of publication, distribution, etc. | 2002 |
| 490 ## - SERIES STATEMENT | |
| Series statement | New Law Journal |
| Volume/sequential designation | Expert Witness Supplement February 2002, 255-257(3) |
| 520 ## - SUMMARY, ETC. | |
| Summary, etc. | Reviews the new Civil Procedure Working Party Code of Guidance on Expert Evidence. Discusses when an expert witness can amend his report, and whether lawyers should be present at the experts' meetings. |
| 650 ## - SUBJECT ADDED ENTRY--TOPICAL TERM | |
| Topical term or geographic name entry element | EXPERT WITNESSES |
| 650 ## - SUBJECT ADDED ENTRY--TOPICAL TERM | |
| Topical term or geographic name entry element | CIVIL PROCEDURE RULES |
| 650 ## - SUBJECT ADDED ENTRY--TOPICAL TERM | |
| Topical term or geographic name entry element | EXPERT EVIDENCE |
| 690 ## - LOCAL SUBJECT ADDED ENTRY--TOPICAL TERM (OCLC, RLIN) | |
| Topical term or geographic name as entry element | Dispute resolution |
| 9 (RLIN) | 6236 |
| 942 ## - ADDED ENTRY ELEMENTS (KOHA) | |
| Suppress in OPAC | 0 |
| Withdrawn status | Lost status | Source of classification or shelving scheme | Damaged status | Not for loan | Home library | Current library | Shelving location | Date acquired | Total Checkouts | Barcode | Date last seen | Copy number | Price effective from | Koha item type |
|---|---|---|---|---|---|---|---|---|---|---|---|---|---|---|
| Dewey Decimal Classification | London | London | Journal article | 19/06/2002 | 118468-1001 | 06/08/2019 | 1 | 06/08/2019 | Journal article |